[Event "57th Biel Rapid Open"]
[Site "Biel SUI"]
[Date "2024.07.14"]
[Round "6.3"]
[White "Nesterov, Arseniy"]
[Black "Gan-Erdene, Sugar"]
[Result "1/2-1/2"]
[WhiteTitle "GM"]
[BlackTitle "IM"]
[WhiteElo "2602"]
[BlackElo "2407"]
[WhiteFideId "24198455"]
[BlackFideId "4902980"]
[EventDate "2024.07.14"]
[EventType "swiss"]

1. d4 Nf6 2. c4 e6 3. Nf3 d5 4. Nc3 Bb4 5. Bg5 h6 6. Bxf6 Qxf6 7. e3 dxc4 8.
Bxc4 O-O 9. O-O Rd8 10. Qc2 Bf8 11. Rad1 Nd7 12. a3 c6 13. e4 b5 14. e5 Qe7 15.
Ba2 Bb7 16. b4 a5 17. Ne4 axb4 18. Nd6 Nb6 19. Bb1 g6 20. axb4 Nd5 21. Nd2 Rxd6
22. exd6 Qxd6 23. Nf3 Nxb4 24. Qe2 Nd5 25. Ne5 Bg7 26. Rfe1 Ra3 27. Qg4 g5 28.
Qh5 Qe7 29. Rc1 Nf4 30. Qd1 c5 31. dxc5 Bxe5 32. c6 Bxc6 33. Rxc6 Rc3 34. Rxc3
Bxc3 35. Qc2 Qf6 36. Rd1 Nd5 37. Qd3 b4 38. Bc2 Be5 39. g3 Bc7 40. Bb3 Bb6 41.
Rd2 Nc3 42. Kg2 Qe5 43. Qf3 Kg7 44. Rd7 Qf6 45. Rb7 Bc5 46. Rc7 Bf8 47. h3 Qxf3+
48. Kxf3 Kf6 49. h4 gxh4 50. gxh4 Nb5 51. Rc4 Ke5 52. Re4+ Kf6 53. Rf4+ Kg7 54.
Rg4+ Kf6 55. Rf4+ Kg7 56. Ke3 Bd6 57. Rg4+ Kf6 58. Kd3 Nc3 59. Rd4 Bc5 60. Rf4+
Ke7 61. Kc4 Bd6 62. Rg4 Nd5 63. Kd4 Nf6 64. Rg1 Nd7 65. Rc1 Ne5 66. Ke4 f5+ 67.
Ke3 Ng6 68. Rh1 Bc5+ 69. Ke2 Kf6 70. Rc1 Bd6 71. Rc6 Ke7 72. Rb6 Nxh4 73. Rb7+
Kf6 74. Rb6 Ke7 75. Rb7+ Kf6 76. Rb6 1/2-1/2

[Event "57th Biel Rapid Open"]
[Site "Biel SUI"]
[Date "2024.07.14"]
[Round "6.4"]
[White "Kersten, Uwe"]
[Black "Sasikiran, Krishnan"]
[Result "0-1"]
[WhiteTitle "IM"]
[BlackTitle "GM"]
[WhiteElo "2186"]
[BlackElo "2581"]
[WhiteFideId "4615646"]
[BlackFideId "5004985"]
[EventDate "2024.07.14"]
[EventType "swiss"]

1. e4 c5 2. Nf3 d6 3. d4 cxd4 4. Nxd4 Nf6 5. Nc3 a6 6. Bc4 e6 7. O-O Be7 8. Bb3
b5 9. f4 b4 10. Na4 O-O 11. e5 dxe5 12. fxe5 Nd5 13. Bxd5 exd5 14. Qd3 Bd7 15.
b3 Nc6 16. Nxc6 Bxc6 17. Qg3 Bxa4 18. bxa4 Rc8 19. Kh1 Rc3 20. Qg4 Qc8 21. Qd1
Qc6 22. Bb2 Rxc2 23. Bd4 Rc4 24. h3 Qg6 25. Rf4 Rfc8 26. Qf3 Rc1+ 27. Rxc1 Rxc1+
28. Kh2 Qe6 29. a5 Rc4 30. Kh1 g6 31. Qg3 h5 32. Qf3 Bg5 33. Be3 Bxf4 34. Bxf4
Qf5 0-1

[Event "57th Biel Rapid Open"]
[Site "Biel SUI"]
[Date "2024.07.14"]
[Round "6.5"]
[White "Haimovich, Tal"]
[Black "Sadorra, Julio Catalino"]
[Result "1-0"]
[WhiteTitle "IM"]
[BlackTitle "GM"]
[WhiteElo "2324"]
[BlackElo "2542"]
[WhiteFideId "2801698"]
[BlackFideId "5201268"]
[EventDate "2024.07.14"]
[EventType "swiss"]

1. Nf3 d5 2. b3 Nf6 3. Bb2 e6 4. e3 b6 5. c4 Bb7 6. Be2 Bd6 7. O-O Nbd7 8. cxd5
exd5 9. Nc3 a6 10. d4 Qe7 11. Rc1 O-O-O 12. Bd3 Kb8 13. Qe2 Ka7 14. Rc2 h5 15.
Rfc1 h4 16. Nb1 Rc8 17. a4 g5 18. Nxg5 Ne4 19. Nh3 Rhg8 20. f3 Ng5 21. Nxg5 Rxg5
22. f4 Rg7 23. Qf3 Nf6 24. Nc3 Re8 25. Re2 Bb4 26. Na2 Bd6 27. Nc3 Reg8 28. Bf5
c5 29. a5 Ne4 30. axb6+ Ka8 31. Nxe4 dxe4 32. Qf1 f6 33. Rec2 cxd4 34. Bxd4 Kb8
35. Qc4 Qd8 36. Be6 Re8 37. Bd5 Ba3 38. Bxb7 Bxc1 39. Rxc1 Rxb7 40. Qxa6 Qd5 41.
Ra1 Rf7 42. b7 Qxb7 43. Ba7+ Kc8 44. Qa4 Rd8 45. Bd4 Rc7 46. b4 f5 47. b5 1-0

[Event "57th Biel Rapid Open"]
[Site "Biel SUI"]
[Date "2024.07.14"]
[Round "6.6"]
[White "Harsha, Bharathakoti"]
[Black "Arcuti, Davide"]
[Result "1-0"]
[WhiteTitle "GM"]
[BlackTitle "IM"]
[WhiteElo "2569"]
[BlackElo "2398"]
[WhiteFideId "5078776"]
[BlackFideId "1323725"]
[EventDate "2024.07.14"]
[EventType "swiss"]

1. d4 Nf6 2. c4 e6 3. Nc3 Bb4 4. e3 b6 5. Ne2 Bb7 6. a3 Bxc3+ 7. Nxc3 O-O 8. Bd3
Re8 9. O-O e5 10. dxe5 Rxe5 11. e4 d6 12. Bf4 Re8 13. Bg5 h6 14. Bh4 Nbd7 15.
Re1 Ne5 16. f3 Ng6 17. Bf2 Nd7 18. Qd2 Nc5 19. Bc2 a5 20. b3 Ne6 21. Nd5 Rc8 22.
Rad1 Ne5 23. a4 Ng6 24. Be3 Qh4 25. Bf2 Qg5 26. Be3 Qh4 27. Rf1 Nc5 28. Bf2 Qd8
29. Bg3 Bxd5 30. cxd5 Qf6 31. Bf2 Rcd8 32. Bd4 Qg5 33. f4 Qg4 34. Rde1 Qd7 35.
Qc3 f5 36. exf5 Rxe1 37. Qxe1 Nf8 38. f6 g6 39. Qe7 1-0

[Event "57th Biel Rapid Open"]
[Site "Biel SUI"]
[Date "2024.07.14"]
[Round "6.7"]
[White "Assaubayeva, Bibisara"]
[Black "Schlegel, Igor"]
[Result "1-0"]
[WhiteTitle "IM"]
[BlackTitle "FM"]
[WhiteElo "2472"]
[BlackElo "2233"]
[WhiteFideId "13708694"]
[BlackFideId "1334956"]
[EventDate "2024.07.14"]
[EventType "swiss"]

1. Nf3 d5 2. e3 Nf6 3. c4 e6 4. b3 Be7 5. Bb2 O-O 6. Nc3 b6 7. cxd5 exd5 8. g3
Nbd7 9. Rc1 Re8 10. Ne2 Nc5 11. Ned4 Bd6 12. b4 Ne6 13. Nc6 Qd7 14. Bxf6 gxf6
15. Bh3 Ba6 16. d3 Bf8 17. Nfd4 Bb7 18. Qg4+ Kh8 19. Qh4 Bg7 20. Bf5 h6 21. Qh5
Rf8 22. Bg4 Kg8 23. Nf5 Bxc6 24. Rxc6 Rfe8 25. b5 d4 26. e4 a6 27. O-O axb5 28.
Rfc1 Rxa2 29. Nxg7 Kxg7 30. Bxe6 Rxe6 31. Rxc7 Qe8 32. Rc8 Ra1 33. Qg4+ Kh7 34.
Qf5+ Kg7 35. Qg4+ Kh7 36. Qf5+ Kg7 37. Rxe8 Rxc1+ 38. Kg2 Rxe8 39. Qxb5 Re6 40.
Qb4 Rec6 41. Qxd4 Re1 42. Qb4 Re2 43. Kf3 Ra2 44. h4 h5 45. Ke3 Rcc2 46. Qxb6
Rxf2 47. Qb5 Kg6 48. Qe8 f5 49. Qg8+ Kf6 50. Qg5+ Ke6 51. Qh6+ Ke7 52. Qxh5 fxe4
53. dxe4 Rg2 54. Kf3 Raf2+ 55. Ke3 Ra2 56. Qe5+ Kf8 57. Kf3 Raf2+ 58. Ke3 Ra2
59. Qh8+ Ke7 60. Qe5+ Kf8 61. Kf3 Raf2+ 62. Kg4 Kg8 63. Kh5 Ra2 64. g4 Ra6 65.
g5 Re6 66. Qb8+ Kg7 67. Qc7 Rxe4 68. Qc3+ Kh7 69. Qf3 Rge2 70. Qxf7+ Kh8 71. Kh6
Rxh4+ 72. Kg6 1-0

[Event "57th Biel Rapid Open"]
[Site "Biel SUI"]
[Date "2024.07.14"]
[Round "6.8"]
[White "Vincenti, Leonardo"]
[Black "Macovei, Andrei"]
[Result "0-1"]
[WhiteTitle "CM"]
[BlackTitle "IM"]
[WhiteElo "2163"]
[BlackElo "2479"]
[WhiteFideId "28550820"]
[BlackFideId "13904680"]
[EventDate "2024.07.14"]
[EventType "swiss"]

1. e4 c6 2. d4 d5 3. exd5 cxd5 4. Bd3 Nf6 5. h3 Nc6 6. c3 e5 7. dxe5 Nxe5 8. Nf3
Nxd3+ 9. Qxd3 Bd6 10. O-O O-O 11. Nbd2 Re8 12. Nb3 Ne4 13. Nbd4 a6 14. Be3 Qf6
15. Rfe1 Qg6 16. Nh4 Qh5 17. Nhf3 Bxh3 18. gxh3 Qg6+ 19. Ng5 f6 20. f3 Nxg5 21.
Qxg6 hxg6 22. Bxg5 fxg5 23. Kf2 Kf7 24. Rad1 Rxe1 25. Rxe1 Rh8 26. Kg2 Rc8 27.
Kf2 Be7 28. Rd1 Bc5 29. Kg2 Re8 30. Rd2 Bb6 31. Nb3 Re5 32. Kg3 Kf6 33. Nd4 Re1
34. Nb3 Rg1+ 35. Kh2 Rf1 36. Rxd5 Be3 37. Nc5 Rf2+ 38. Kg3 Rxb2 39. Ne4+ Ke6 40.
Rd6+ Kf7 41. Rd7+ Ke8 42. Rxb7 Bf4+ 43. Kg4 Rg2+ 0-1

[Event "57th Biel Rapid Open"]
[Site "Biel SUI"]
[Date "2024.07.14"]
[Round "6.9"]
[White "Chinguun, Sumiya"]
[Black "Rosen, Eric"]
[Result "1-0"]
[WhiteTitle "FM"]
[BlackTitle "IM"]
[WhiteElo "2377"]
[BlackElo "2374"]
[WhiteFideId "4902572"]
[BlackFideId "2032562"]
[EventDate "2024.07.14"]
[EventType "swiss"]

1. e4 c5 2. Nc3 Nc6 3. Bb5 Nd4 4. Nf3 g6 5. Nxd4 cxd4 6. Ne2 Bg7 7. O-O a6 8.
Ba4 b5 9. Bb3 e6 10. d3 a5 11. a4 b4 12. f4 f5 13. e5 Qb6 14. Qe1 Ne7 15. Qf2
Nc6 16. Nxd4 Qxd4 17. Be3 Qxb2 18. Rab1 Qc3 19. Bc4 Nxe5 20. Rb3 Nxd3 21. cxd3
Qf6 22. Bc5 Bb7 23. Re1 Kf7 24. d4 Be4 25. d5 exd5 26. Rd3 d6 27. Rxd5 Bxd5 28.
Bxd5+ Kf8 29. Bxa8 Qd8 30. Bd5 Bc3 31. Bd4 Rg8 32. Bxc3 bxc3 33. Bxg8 Kxg8 34.
Qd4 Qc7 35. Qf6 Qb6+ 36. Kh1 Qc6 37. Re7 1-0

[Event "57th Biel Rapid Open"]
[Site "Biel SUI"]
[Date "2024.07.14"]
[Round "6.10"]
[White "Sukandar, Irine Kharisma"]
[Black "Xiao, Tong(QD)"]
[Result "1-0"]
[WhiteTitle "IM"]
[WhiteElo "2338"]
[BlackElo "2518"]
[WhiteFideId "7101937"]
[BlackFideId "8622388"]
[EventDate "2024.07.14"]
[EventType "swiss"]

1. d4 Nf6 2. Bf4 b6 3. c4 Bb7 4. Nc3 e6 5. Nf3 Bb4 6. Qb3 a5 7. a3 Be7 8. Qc2
Nh5 9. Bd2 d5 10. e4 dxe4 11. Nxe4 Nd7 12. Be2 Nhf6 13. Nc3 O-O 14. O-O h6 15.
Rad1 Bd6 16. Nb5 Qe7 17. Rfe1 Bc6 18. Nxd6 cxd6 19. d5 Bb7 20. Nd4 Nc5 21. Bf3
e5 22. b4 axb4 23. axb4 Na6 24. Nc6 Qc7 25. Qf5 Bc8 26. Qc2 Re8 27. Ra1 Bb7 28.
Ra3 Nb8 29. Rxa8 Bxa8 30. b5 Nbd7 31. Ra1 Bb7 32. Bb4 Nc5 33. Bxc5 dxc5 34. Ra7
e4 35. Be2 e3 36. f3 Qd7 37. g3 h5 38. Kg2 h4 39. g4 Ra8 40. Rxa8+ Bxa8 41. Qd3
Qe8 42. Qf5 Bb7 43. Kf1 h3 44. g5 Nh7 45. f4 Nf8 46. Qe5 Qa8 47. Qxe3 Ng6 48. f5
Nh4 49. Qxh3 Bxc6 50. Qxh4 Bd7 51. Qe4 Qa1+ 52. Kf2 Qc1 53. h4 Qd2 54. g6 f6 55.
Kg3 Qe1+ 56. Kg2 Kf8 57. d6 Be6 58. fxe6 1-0

[Event "57th Biel Rapid Open"]
[Site "Biel SUI"]
[Date "2024.07.14"]
[Round "6.11"]
[White "Juksta, Karolis"]
[Black "Krishnan, Ritvik"]
[Result "1-0"]
[WhiteTitle "IM"]
[BlackTitle "FM"]
[WhiteElo "2400"]
[BlackElo "2246"]
[WhiteFideId "12809039"]
[BlackFideId "45055297"]
[EventDate "2024.07.14"]
[EventType "swiss"]

1. d4 Nf6 2. c4 e6 3. Nc3 Bb4 4. e3 O-O 5. Bd3 d5 6. a3 Bxc3+ 7. bxc3 dxc4 8.
Bxc4 c5 9. Ne2 Qc7 10. Bd3 Nc6 11. O-O e5 12. Ng3 Be6 13. f4 exd4 14. cxd4 Rad8
15. h3 a6 16. Rb1 b5 17. Bb2 Qd6 18. e4 Nxd4 19. e5 Qb6 20. exf6 c4 21. Bxh7+
Kxh7 22. Qh5+ Kg8 23. fxg7 Kxg7 24. f5 Rh8 25. f6+ Kg8 26. Qg5+ Kf8 27. Qg7+ Ke8
28. Qxh8+ Kd7 29. Qh5 c3 30. Bxc3 Ne2+ 31. Kh2 Nxc3 32. Rbc1 Rc8 33. Qe5 Nd5 34.
Rxc8 Kxc8 35. Rc1+ Nc7 36. h4 Kb7 37. h5 Nd5 38. Ne4 Ka7 39. Nc5 Qc6 40. h6 Qc8
41. Qd4 Ka8 42. h7 Qf8 43. Qh4 Qb8+ 44. Kg1 Qe5 45. h8=Q+ Ka7 46. Qf2 Nb6 47.
Qd8 Bc4 48. Qe7+ 1-0

[Event "57th Biel Rapid Open"]
[Site "Biel SUI"]
[Date "2024.07.14"]
[Round "6.12"]
[White "Moiseenko, Alexander"]
[Black "Georgescu, Lena"]
[Result "1-0"]
[WhiteTitle "GM"]
[BlackTitle "FM"]
[WhiteElo "2570"]
[BlackElo "2209"]
[WhiteFideId "14102560"]
[BlackFideId "1331973"]
[EventDate "2024.07.14"]
[EventType "swiss"]

1. d4 Nf6 2. c4 e6 3. Nc3 Bb4 4. Nf3 d5 5. Bg5 h6 6. Bxf6 Qxf6 7. e3 O-O 8. Rc1
Nc6 9. a3 Bxc3+ 10. Rxc3 dxc4 11. Bxc4 e5 12. d5 Rd8 13. O-O e4 14. Nd2 Ne5 15.
Nxe4 Qg6 16. Ng3 Nxc4 17. Rxc4 c6 18. Rd4 Rxd5 19. Rxd5 cxd5 20. Qxd5 Qb6 21.
Qe5 Bd7 22. Rd1 Re8 23. Qd4 Qxd4 24. Rxd4 Be6 25. Ne2 Rc8 26. Nc3 Kf8 27. f3 Ke7
28. Kf2 a6 29. e4 b5 30. Ke3 Bc4 31. h4 h5 32. g3 g6 33. Rd2 Rc5 34. f4 a5 35.
e5 Be6 36. Rd4 Bc4 37. Ne4 Rc7 38. Rd6 a4 39. Rb6 Rd7 40. Nd6 Bb3 41. Rxb5 Rc7
42. Rb7 Rxb7 43. Nxb7 Bc2 44. Nc5 1-0

[Event "57th Biel Rapid Open"]
[Site "Biel SUI"]
[Date "2024.07.14"]
[Round "6.13"]
[White "Gloeckler, Christian"]
[Black "Bilguun, Sumiya"]
[Result "1/2-1/2"]
[WhiteTitle "FM"]
[BlackTitle "GM"]
[WhiteElo "2304"]
[BlackElo "2458"]
[WhiteFideId "34608966"]
[BlackFideId "4901541"]
[EventDate "2024.07.14"]
[EventType "swiss"]

1. e4 c5 2. Nf3 e6 3. d4 cxd4 4. Nxd4 a6 5. c4 Nf6 6. Nc3 Qc7 7. Be2 Bb4 8. Qd3
Nc6 9. Nxc6 dxc6 10. a3 Be7 11. Qg3 Qxg3 12. hxg3 e5 13. Be3 Be6 14. O-O-O b5
15. f4 g6 16. Rhf1 bxc4 17. Bf3 O-O 18. Na4 Rab8 19. Bc5 Bxc5 20. Nxc5 c3 21. b4
Bc4 22. Rf2 exf4 23. gxf4 a5 24. Rd4 Be6 25. Rc2 1/2-1/2

[Event "57th Biel Rapid Open"]
[Site "Biel SUI"]
[Date "2024.07.14"]
[Round "6.14"]
[White "Vemparala, Nikash"]
[Black "Munkhzul, Turmunkh"]
[Result "0-1"]
[WhiteTitle "CM"]
[BlackTitle "WGM"]
[WhiteElo "2150"]
[BlackElo "2250"]
[WhiteFideId "30960967"]
[BlackFideId "4901878"]
[EventDate "2024.07.14"]
[EventType "swiss"]

1. e4 e5 2. Nf3 Nf6 3. Nxe5 d6 4. Nf3 Nxe4 5. Nc3 Nxc3 6. dxc3 Be7 7. Bf4 O-O 8.
Qd2 Nd7 9. O-O-O Nc5 10. Bd3 Bg4 11. h3 Bxf3 12. gxf3 Nxd3+ 13. cxd3 Qd7 14.
Rdg1 Kh8 15. Bg5 Rae8 16. h4 Qf5 17. Rg3 Bf6 18. Rhg1 Rg8 19. Rg4 Qxf3 20. Rf4
Bxg5 21. hxg5 Qh5 22. c4 Re5 23. g6 fxg6 24. Rf7 Qh2 25. Re1 Rge8 26. Rxe5 Qxe5
27. Rxc7 h5 28. Rxb7 h4 29. Rb5 Qe1+ 30. Qxe1 Rxe1+ 31. Kd2 h3 32. Kxe1 h2 33.
a3 h1=Q+ 34. Ke2 Qc1 35. Rb7 a5 36. Rb5 a4 37. Rb6 Kh7 38. Rb4 g5 39. Kf3 Kh6
40. Ke2 Kh5 41. f3 Kg6 42. Rb5 Kf6 43. Rb4 Ke5 44. Kf2 Kd4 45. c5+ Kxd3 46. cxd6
Qc5+ 47. Kg2 Qc6 48. b3 axb3 49. Rxb3+ Kc2 50. Rb4 Qxd6 51. Rg4 Qd2+ 52. Kg3
Qe1+ 53. Kg2 Qe2+ 54. Kg3 Qe5+ 55. Kg2 Kd3 56. a4 Qb2+ 57. Kg3 Ke2 58. Rxg5 Qf6
59. Rg4 Qxf3+ 60. Kh4 Qf6+ 61. Kg3 Ke3 62. Kh3 Qh6+ 63. Kg3 g5 64. a5 Qf6 65.
Kh3 Qf5 66. a6 Kf3 0-1

[Event "57th Biel Rapid Open"]
[Site "Biel SUI"]
[Date "2024.07.14"]
[Round "6.15"]
[White "Munguntuul, Batkhuyag"]
[Black "Harish, Neeraj"]
[Result "1/2-1/2"]
[WhiteTitle "IM"]
[BlackTitle "CM"]
[WhiteElo "2356"]
[BlackElo "2123"]
[WhiteFideId "4900758"]
[BlackFideId "30958130"]
[EventDate "2024.07.14"]
[EventType "swiss"]

1. e4 c5 2. Nf3 Nc6 3. d4 cxd4 4. Nxd4 Nf6 5. Nc3 e5 6. Ndb5 d6 7. Bg5 a6 8.
Bxf6 gxf6 9. Na3 b5 10. Nd5 f5 11. Bd3 Be6 12. c3 Bxd5 13. exd5 Ne7 14. Nc2 Bg7
15. O-O O-O 16. a4 e4 17. Be2 f4 18. axb5 Ng6 19. bxa6 f3 20. Bxf3 exf3 21. Qxf3
Qb6 22. Nb4 Ne5 23. Qf5 Nc4 24. Ra2 Rfe8 25. Qf4 Ne5 26. h3 Nd7 27. Rfa1 Nc5 28.
Qf3 Nb3 29. Rd1 Nc5 30. Rda1 Nb3 31. Rd1 Nc5 32. Rda1 1/2-1/2

[Event "57th Biel Rapid Open"]
[Site "Biel SUI"]
[Date "2024.07.14"]
[Round "6.16"]
[White "Saraci, Nderim"]
[Black "Lyutsinger, Iren"]
[Result "1-0"]
[WhiteTitle "IM"]
[WhiteElo "2447"]
[BlackElo "2088"]
[WhiteFideId "6351921"]
[BlackFideId "34425969"]
[EventDate "2024.07.14"]
[EventType "swiss"]

1. d4 Nf6 2. c4 e6 3. Nc3 Bb4 4. Nf3 b6 5. Qb3 Bxc3+ 6. Qxc3 Ne4 7. Qc2 Bb7 8.
g3 d5 9. Bg2 Nd7 10. Bf4 c5 11. dxc5 bxc5 12. O-O O-O 13. Rfd1 Qb6 14. cxd5 exd5
15. Ne1 Ndf6 16. Rac1 Rac8 17. Qb3 Qa6 18. Bf1 Rfe8 19. f3 c4 20. Qb4 Nc5 21.
Nc2 Ne6 22. Be3 Bc6 23. Qc3 Ba4 24. Qa3 Qb5 25. Bf2 Nd7 26. Nd4 Nxd4 27. Rxd4
Nb6 28. b3 cxb3 29. Rxc8 Rxc8 30. Rb4 Qc6 31. axb3 Bb5 32. Qa5 Bxe2 33. Bxe2
Qc1+ 34. Bf1 1-0

[Event "57th Biel Rapid Open"]
[Site "Biel SUI"]
[Date "2024.07.14"]
[Round "6.17"]
[White "Gaehwiler, Gabriel"]
[Black "Rait, Albert"]
[Result "1-0"]
[WhiteTitle "IM"]
[WhiteElo "2398"]
[BlackElo "1932"]
[WhiteFideId "1314530"]
[BlackFideId "16289161"]
[EventDate "2024.07.14"]
[EventType "swiss"]

1. d4 e6 2. Nf3 Nf6 3. e3 d5 4. Bd3 c5 5. b3 Nc6 6. Bb2 Qc7 7. a3 Be7 8. Nbd2 b6
9. O-O O-O 10. Qe2 Bb7 11. Ne5 Nxe5 12. dxe5 Ne8 13. e4 g6 14. f4 Ng7 15. exd5
Bxd5 16. Ne4 Rad8 17. Nf6+ Kh8 18. h3 Nf5 19. Kh2 Nd4 20. Qf2 Nf5 21. Bxf5 exf5
22. e6 1-0

[Event "57th Biel Rapid Open"]
[Site "Biel SUI"]
[Date "2024.07.14"]
[Round "6.18"]
[White "Tahay, Alexis"]
[Black "Tellarini, Lorenzo"]
[Result "1-0"]
[WhiteTitle "IM"]
[WhiteElo "2392"]
[BlackElo "2002"]
[WhiteFideId "26090961"]
[BlackFideId "28548655"]
[EventDate "2024.07.14"]
[EventType "swiss"]

1. d4 Nf6 2. Nf3 g6 3. c4 Bg7 4. Nc3 d5 5. cxd5 Nxd5 6. e4 Nxc3 7. bxc3 c5 8.
Rb1 Nc6 9. d5 Na5 10. Bb5+ Bd7 11. O-O O-O 12. Bg5 h6 13. Be3 b6 14. Be2 Nb7 15.
Qc1 Kh7 16. Nd2 Nd6 17. f4 e6 18. c4 exd5 19. cxd5 Re8 20. e5 Nf5 21. Bf2 g5 22.
Nc4 gxf4 23. Qxf4 Qg5 24. Qxg5 hxg5 25. g4 Nh6 26. Bg3 Bxg4 27. Bxg4 Nxg4 28.
Rxf7 Kg6 29. e6 Rad8 30. Nd6 Bd4+ 31. Kh1 Rxd6 32. Bxd6 Nf6 33. Rxa7 Nxd5 34. e7
Kf7 35. Re1 Bf6 36. Rb7 c4 37. Kg2 c3 38. Ba3 Bxe7 39. Bxe7 Rxe7 40. Rexe7+ Nxe7
41. Rc7 Ke6 42. Rxc3 Nd5 43. Rb3 Ke5 44. Kf3 Kd4 45. Kg4 Kc4 46. Kxg5 Nb4 47.
Rxb4+ Kxb4 48. h4 b5 49. h5 Ka3 50. h6 b4 51. h7 Kxa2 52. h8=Q b3 53. Qa8+ Kb1
54. Qe4+ Ka2 55. Qa4+ Kb2 56. Kf4 Kc3 57. Qc6+ Kd2 58. Qb5 Kc3 59. Qc5+ Kd3 60.
Qb4 Kc2 61. Qc4+ Kb2 62. Ke3 Ka3 63. Qa6+ Kb4 64. Kd3 b2 65. Qb6+ Ka3 66. Kc3
b1=Q 67. Qa5# 1-0

[Event "57th Biel Rapid Open"]
[Site "Biel SUI"]
[Date "2024.07.14"]
[Round "6.19"]
[White "Brockmann, Fabian"]
[Black "Peycheva, Gergana"]
[Result "0-1"]
[BlackTitle "FM"]
[WhiteElo "2003"]
[BlackElo "2261"]
[WhiteFideId "4639561"]
[BlackFideId "2916711"]
[EventDate "2024.07.14"]
[EventType "swiss"]

1. e4 c5 2. Nf3 Nc6 3. Bb5 g6 4. Bxc6 dxc6 5. d3 Bg7 6. Nc3 Bg4 7. h3 Bxf3 8.
Qxf3 e5 9. a4 Nf6 10. a5 Nd7 11. Be3 Qe7 12. Qe2 Nf8 13. Na4 Ne6 14. c3 O-O 15.
O-O Rfb8 16. b3 b5 17. axb6 axb6 18. Nb2 Qc7 19. g3 b5 20. b4 cxb4 21. cxb4 Qd6
22. Bd2 Nd4 23. Qd1 Rxa1 24. Qxa1 Nf3+ 0-1

[Event "57th Biel Rapid Open"]
[Site "Biel SUI"]
[Date "2024.07.14"]
[Round "6.20"]
[White "Nurgaliyeva, Zarina"]
[Black "Chen, Muxi"]
[Result "1-0"]
[WhiteTitle "WFM"]
[WhiteElo "2135"]
[BlackElo "2030"]
[WhiteFideId "13730096"]
[BlackFideId "8626073"]
[EventDate "2024.07.14"]
[EventType "swiss"]

1. e4 c5 2. Nf3 Nc6 3. Bb5 g6 4. O-O Bg7 5. Nc3 e5 6. a3 Nge7 7. b4 cxb4 8. axb4
O-O 9. Bc4 Nxb4 10. Ba3 Nbc6 11. Bd6 a6 12. Nd5 Nxd5 13. Bxf8 Qxf8 14. Bxd5 Ne7
15. c4 Nxd5 16. cxd5 b5 17. Qc2 Qd6 18. Rfc1 b4 19. Ra5 Rb8 20. Qb3 Qb6 21. Rca1
Bf8 22. Nxe5 Bg7 23. Nc4 Qa7 24. Rf1 Bd4 25. Kh1 Qc7 26. Ra4 Qc5 27. Rb1 d6 28.
Rxb4 Rxb4 29. Qxb4 Bxf2 30. Qxc5 1-0

[Event "57th Biel Rapid Open"]
[Site "Biel SUI"]
[Date "2024.07.14"]
[Round "6.21"]
[White "Edoecs, Joseph"]
[Black "Erne, Raphael"]
[Result "0-1"]
[WhiteElo "2015"]
[BlackElo "2108"]
[WhiteFideId "1309404"]
[BlackFideId "1341928"]
[EventDate "2024.07.14"]
[EventType "swiss"]

1. e4 c6 2. Nf3 d5 3. Nc3 dxe4 4. Nxe4 Nf6 5. Ng3 Bg4 6. h3 Bxf3 7. Qxf3 e6 8.
Be2 Be7 9. O-O O-O 10. b3 Qc7 11. Bb2 c5 12. Nh5 Nxh5 13. Qxh5 Nc6 14. Bd3 g6
15. Qh6 Nd4 16. Rae1 Bf6 17. Bxd4 cxd4 18. h4 Qd8 19. g3 Qa5 20. g4 Qd8 21. Kg2
Bg7 22. Qf4 Qxh4 23. Rh1 Qf6 24. Qg3 h6 25. f4 Qd8 26. g5 h5 27. Qf3 e5 28. Qe4
exf4 29. Rxh5 Re8 30. Rh8+ Bxh8 31. Qxg6+ fxg6 32. Bc4+ Kg7 0-1

[Event "57th Biel Rapid Open"]
[Site "Biel SUI"]
[Date "2024.07.14"]
[Round "6.22"]
[White "Toktomushev, Teimur"]
[Black "Tkhoruk, Roman"]
[Result "1-0"]
[WhiteTitle "FM"]
[WhiteElo "2300"]
[BlackElo "1965"]
[WhiteFideId "14176726"]
[BlackFideId "34161589"]
[EventDate "2024.07.14"]
[EventType "swiss"]

1. d4 Nf6 2. c4 g6 3. Nc3 Bg7 4. e4 d6 5. f3 O-O 6. Be3 Nbd7 7. Nge2 e5 8. Qd2
a6 9. O-O-O b5 10. Bh6 Nb6 11. Bxg7 Kxg7 12. dxe5 Nfd7 13. exd6 cxd6 14. Nf4
Nxc4 15. Bxc4 bxc4 16. Qxd6 Qf6 17. Qxf6+ Nxf6 18. Rd4 g5 19. Nfd5 Be6 20. Rxc4
Rac8 21. Rxc8 Rxc8 22. Nxf6 Kxf6 23. Kd2 h5 24. Ke3 Ke5 25. g3 Rd8 26. b3 Rc8
27. Rc1 f5 28. f4+ gxf4+ 29. gxf4+ Kd6 30. exf5 Bxf5 31. Ne4+ Ke7 32. Rxc8 Bxc8
33. Kd4 Bd7 34. Ke5 Bg4 35. b4 Be2 36. f5 Bc4 37. a4 Be2 38. f6+ Kf8 39. Nd6 Bd1
40. b5 axb5 41. axb5 Bf3 42. b6 h4 43. Ne4 1-0

[Event "57th Biel Rapid Open"]
[Site "Biel SUI"]
[Date "2024.07.14"]
[Round "6.23"]
[White "Papaux, Steve"]
[Black "Chappaz, Max"]
[Result "1-0"]
[WhiteElo "2228"]
[BlackElo "1854"]
[WhiteFideId "1337602"]
[BlackFideId "1351567"]
[EventDate "2024.07.14"]
[EventType "swiss"]

1. Nf3 d5 2. d4 Nf6 3. c4 c6 4. Nc3 dxc4 5. a4 e6 6. Ne5 c5 7. Nxc4 cxd4 8. Nb5
Nc6 9. e3 a6 10. Nxd4 Nxd4 11. exd4 Bb4+ 12. Bd2 Bxd2+ 13. Qxd2 O-O 14. Be2 Bd7
15. Bf3 Bc6 16. Bxc6 bxc6 17. O-O Rb8 18. Rfc1 Qd5 19. Ne5 Ne4 20. Qc2 c5 21.
Re1 f5 22. Rad1 cxd4 23. Nc6 Qb3 24. Qxb3 Rxb3 25. f3 Nc5 26. Re5 Nxa4 27. Nxd4
Rxb2 28. Nxe6 Rc8 29. Rxf5 Rb5 30. Rf4 Nc3 31. Rd2 Re8 32. Nc7 Re1+ 33. Kf2 Rbe5
34. Rd8+ 1-0

[Event "57th Biel Rapid Open"]
[Site "Biel SUI"]
[Date "2024.07.14"]
[Round "6.24"]
[White "Roth, Martin"]
[Black "Bex, Pierre-Alain"]
[Result "1-0"]
[WhiteElo "1973"]
[BlackElo "2119"]
[WhiteFideId "1303392"]
[BlackFideId "1300814"]
[EventDate "2024.07.14"]
[EventType "swiss"]

1. e4 e5 2. Nc3 Nc6 3. g3 Nf6 4. Bg2 Bc5 5. d3 a6 6. h3 d6 7. Nge2 h6 8. O-O Be6
9. Kh2 Qd7 10. f4 exf4 11. gxf4 g6 12. d4 Ba7 13. d5 Qe7 14. dxc6 bxc6 15. Qd3
Kf8 16. Be3 Bxe3 17. Qxe3 Rb8 18. b3 Kg7 19. Rad1 c5 20. e5 Ng8 21. exd6 cxd6
22. Ne4 Rb6 23. Qc3+ Kh7 24. N2g3 f5 25. Nd2 Nf6 26. Rde1 Qf7 27. Nc4 Bxc4 28.
bxc4 Rb4 29. Bd5 Nxd5 30. cxd5 Rd4 31. Rd1 Rxd5 32. Rxd5 Qxd5 33. Re1 Rf8 34.
Re7+ Rf7 35. Rxf7+ Qxf7 36. a3 Qe7 37. Qd3 Kg7 38. Nf1 a5 39. Ne3 Qh4 40. Qc3+
Kf7 41. Qc4+ Kg7 42. Ng2 Qf2 43. Qd3 d5 44. c3 d4 45. cxd4 cxd4 46. h4 h5 47.
Kh3 Kf7 48. Qc4+ Ke7 49. Qc5+ Kd7 50. Qxa5 Qf3+ 51. Kh2 d3 52. Qd2 Kc6 53. Ne1
Qg4 54. Nxd3 Qxh4+ 55. Kg2 Qg4+ 56. Kf2 Qh4+ 57. Kg1 Qg3+ 58. Qg2+ Qxg2+ 59.
Kxg2 Kd5 60. Kf3 1-0